[Event "American Continental 19th"]
[Site "Foz do Iguacu"]
[Date "2025.05.24"]
[Round "2"]
[White "Bauza, Alejandro"]
[Black "Valdes Escobar, Alvaro Daniel"]
[Result "1/2-1/2"]
[WhiteElo "2119"]
[BlackElo "2317"]
[PlyCount "74"]
[EventDate "2025.05.23"]
[EventType "swiss"]
[EventRounds "11"]
[EventCountry "BRA"]
[SourceTitle "CB23_2025"]
[SourceDate "2025.06.04"]
[SourceVersion "1"]
[SourceVersionDate "2025.06.04"]
[SourceQuality "1"]

1. Nf3 c5 2. c4 g6 3. Nc3 Bg7 4. d4 cxd4 5. Nxd4 Nc6 6. Nc2 d6 7. e4 Bxc3+ 8. bxc3 Qa5 9. Qd2 Nf6 10. f3 Be6 11. Be2 Ne5 12. Ne3 Rc8 13. Rb1 Qc7 14. c5 Qxc5 15. Rxb7 0-0 16. 0-0 Rb8 17. Rxb8 Rxb8 18. Qd4 Ned7 19. Qxc5 Nxc5 20. c4 Na4 21. Nd5 Bxd5 22. cxd5 Nc3 23. Bc4 Rb4 24. Bb3 Ne2+ 25. Kf2 Nxc1 26. Rxc1 Rb7 27. Ba4 Rb2+ 28. Rc2 Rxc2+ 29. Bxc2 Kf8 30. Ke3 Ke8 31. Ba4+ Kd8 32. Kd4 Nh5 33. g3 f6 34. Kc4 Kc7 35. Be8 Ng7 36. Bf7 g5 37. g4 Kb6 1/2-1/2

[Event "American Continental 19th"]
[Site "Foz do Iguacu"]
[Date "2025.05.24"]
[Round "3"]
[White "Valdes Escobar, Alvaro Daniel"]
[Black "Mayeregger, Arnold"]
[Result "1/2-1/2"]
[WhiteElo "2317"]
[BlackElo "2122"]
[PlyCount "44"]
[EventDate "2025.05.23"]
[EventType "swiss"]
[EventRounds "11"]
[EventCountry "BRA"]
[SourceTitle "CB23_2025"]
[SourceDate "2025.06.04"]
[SourceVersion "1"]
[SourceVersionDate "2025.06.04"]
[SourceQuality "1"]

1. c4 e5 2. Nc3 Nf6 3. Nf3 d6 4. d4 e4 5. Nd2 Qe7 6. e3 g6 7. Be2 h5 8. b4 Bg7 9. a4 Bf5 10. Ba3 Nbd7 11. b5 Bh6 12. c5 0-0 13. cxd6 cxd6 14. Nc4 Ne8 15. 0-0 Nb6 16. Rc1 Nxc4 17. Bxc4 Nf6 18. Nd5 Nxd5 19. Bxd5 h4 20. Qd2 Rfe8 21. Rfe1 Rad8 22. Bc4 Qd7 1/2-1/2

[Event "Titled Tuesday intern op 21st Jan Late"]
[Site "Chess.com INT"]
[Date "2025.01.21"]
[Round "8"]
[White "Valdes Escobar, Alvaro Daniel"]
[Black "Povshednyi, Ivan"]
[Result "0-1"]
[WhiteElo "2339"]
[BlackElo "2318"]
[PlyCount "40"]
[EventDate "2025.01.21"]
[EventType "swiss (blitz)"]
[EventRounds "11"]
[EventCountry "USA"]
[SourceTitle "CB05_2025"]
[SourceDate "2025.01.29"]
[SourceVersion "1"]
[SourceVersionDate "2025.01.29"]
[SourceQuality "1"]

1. e4 c6 2. d4 d5 3. exd5 cxd5 4. Bd3 Nc6 5. c3 e6 6. Nf3 Bd6 7. 0-0 Nge7 8. Re1 f6 9. Qc2 e5 10. dxe5 fxe5 11. Bb5 0-0 12. Bg5 e4 13. Nd4 Qc7 14. Bxe7 Nxe7 15. g3 Nf5 16. Nxf5 Bxf5 17. Qd1 Bc5 18. Re2 Bg4 19. Qxd5+ Kh8 20. Rd2 e3 0-1

[Event "Temuco op 2nd"]
[Site "Temuco"]
[Date "2025.01.12"]
[Round "5"]
[White "Valdes Escobar, Alvaro Daniel"]
[Black "Jeraldo Zepeda, Christian Andres"]
[Result "1-0"]
[WhiteElo "2339"]
[BlackElo "1977"]
[PlyCount "75"]
[EventDate "2025.01.10"]
[EventType "swiss"]
[EventRounds "9"]
[EventCountry "CHI"]
[SourceTitle "CB04_2025"]
[SourceDate "2025.01.22"]
[SourceVersion "1"]
[SourceVersionDate "2025.01.22"]
[SourceQuality "1"]

1. c4 c6 2. e4 d5 3. exd5 cxd5 4. cxd5 Nf6 5. Nc3 Nxd5 6. Nf3 Nxc3 7. bxc3 g6 8. d4 Bg7 9. Bd3 Nc6 10. 0-0 0-0 11. Re1 Na5 12. h3 Qc7 13. Bg5 Bf6 14. Qd2 Be6 15. Bf4 Qd8 16. Be5 Bg7 17. Re4 f6 18. Bf4 Bf5 19. Re3 Bxd3 20. Qxd3 e5 21. Bg3 exd4 22. cxd4 Qd7 23. Rae1 Rfe8 24. Rxe8+ Rxe8 25. Rxe8+ Qxe8 26. d5 Qd7 27. d6 Nc6 28. Nd2 f5 29. Nb3 b6 30. Qd5+ Kf8 31. Nd2 Nd4 32. Be5 Nc6 33. f4 Nd8 34. Nf3 Qc6 35. Bxg7+ Kxg7 36. Qe5+ Kh6 37. Qe7 Qc1+ 38. Kf2 1-0

[Event "Titled Tuesday intern op 13th Aug Early"]
[Site "Chess.com INT"]
[Date "2024.08.13"]
[Round "9"]
[White "Valdes Escobar, Alvaro Daniel"]
[Black "Ljukin, Sergei"]
[Result "1-0"]
[WhiteElo "2339"]
[BlackElo "2362"]
[PlyCount "41"]
[EventDate "2024.08.13"]
[EventType "swiss (blitz)"]
[EventRounds "11"]
[EventCountry "USA"]
[SourceTitle "EXT 2025"]
[Source "ChessBase"]
[SourceDate "2024.10.14"]
[SourceVersion "1"]
[SourceVersionDate "2024.10.14"]
[SourceQuality "1"]

1. e4 e6 2. d4 d5 3. Nd2 Nf6 4. e5 Nfd7 5. c3 c5 6. Ne2 Nc6 7. Nf3 f6 8. exf6 Nxf6 9. Ng3 Bd6 10. Bd3 0-0 11. 0-0 e5 12. dxe5 Nxe5 13. Nxe5 Bxe5 14. Be3 b6 15. Qc2 Ng4 16. Bxh7+ Kh8 17. Qg6 Qh4 18. h3 Rf6 19. Qe8+ Kxh7 20. hxg4 Bb7 21. Qxe5 1-0

[Event "Titled Tuesday intern op 13th Aug Early"]
[Site "Chess.com INT"]
[Date "2024.08.13"]
[Round "7"]
[White "Valdes Escobar, Alvaro Daniel"]
[Black "Lorenzo de la Riva, Lazaro"]
[Result "1-0"]
[WhiteElo "2339"]
[BlackElo "2419"]
[PlyCount "43"]
[EventDate "2024.08.13"]
[EventType "swiss (blitz)"]
[EventRounds "11"]
[EventCountry "USA"]
[SourceTitle "EXT 2025"]
[Source "ChessBase"]
[SourceDate "2024.10.14"]
[SourceVersion "1"]
[SourceVersionDate "2024.10.14"]
[SourceQuality "1"]

1. e4 e6 2. d4 d5 3. Nd2 c5 4. Ngf3 cxd4 5. Nxd4 Nc6 6. Bb5 Bd7 7. Nxc6 bxc6 8. Bd3 Bd6 9. Qe2 Qc7 10. Nf3 e5 11. c4 d4 12. 0-0 Ne7 13. Bd2 c5 14. Nh4 0-0 15. g3 Bh3 16. Rfe1 g6 17. Bh6 Rfe8 18. Qf3 Qd7 19. Qf6 Nf5 20. Nxf5 Bf8 21. Bxf8 Kxf8 22. Qg7# 1-0

[Event "Titled Tuesday intern op 02nd Jul Early"]
[Site "Chess.com INT"]
[Date "2024.07.02"]
[Round "10"]
[White "Derjabin, Ilja"]
[Black "Valdes Escobar, Alvaro Daniel"]
[Result "0-1"]
[WhiteElo "2314"]
[BlackElo "2336"]
[PlyCount "140"]
[EventDate "2024.07.02"]
[EventType "swiss (blitz)"]
[EventRounds "11"]
[EventCountry "USA"]
[SourceTitle "EXT 2025"]
[Source "ChessBase"]
[SourceDate "2024.10.14"]
[SourceVersion "1"]
[SourceVersionDate "2024.10.14"]
[SourceQuality "1"]

1. d4 Nf6 2. c4 e6 3. Nc3 Bb4 4. f3 Nh5 5. Nh3 f5 6. e3 0-0 7. Bd3 Qh4+ 8. Nf2 d6 9. 0-0 Bxc3 10. bxc3 Nc6 11. e4 Bd7 12. g3 Nxg3 13. hxg3 Qxg3+ 14. Kh1 fxe4 15. Bxe4 d5 16. cxd5 exd5 17. Bxd5+ Kh8 18. Qc2 Rf5 19. Ng4 Rxd5 20. Qh2 Qxh2+ 21. Nxh2 Bf5 22. Bf4 Rd7 23. Rae1 h6 24. Ng4 Bxg4 25. fxg4 Rf8 26. Bg3 Rxf1+ 27. Rxf1 Kg8 28. Kg2 Na5 29. Re1 Kf7 30. Rf1+ Kg6 31. Rf8 b6 32. Ra8 Nc6 33. Rc8 Ne7 34. Ra8 a5 35. Be1 Nd5 36. Bd2 Kf7 37. Kf3 Ke6 38. Rg8 b5 39. Ke2 a4 40. Kd3 Nb6 41. Re8+ Kf7 42. Rb8 Ke6 43. Bf4 Kd5 44. Be5 Kc6 45. Rg8 Nc4 46. Bxg7 Rf7 47. Bxh6 Rf3+ 48. Ke4 Rxc3 49. Rg6+ Nd6+ 50. Ke5 Rc2 51. d5+ Kc5 52. Bf8 Kc4 53. Bxd6 cxd6+ 54. Kxd6 Rxa2 55. Kc6 Rd2 56. d6 a3 57. Rg8 a2 58. Ra8 Kb3 59. d7 b4 60. g5 Kb2 61. d8Q Rxd8 62. Rxd8 a1Q 63. Rd2+ Kc3 64. Rd5 Qa6+ 65. Kd7 Qb7+ 66. Ke6 b3 67. g6 b2 68. Rd7 Qxd7+ 69. Kxd7 b1Q 70. g7 Qg6 0-1

[Event "Titled Tuesday intern op 02nd Jul Early"]
[Site "Chess.com INT"]
[Date "2024.07.02"]
[Round "1"]
[White "Shimanov, Aleksandr"]
[Black "Valdes Escobar, Alvaro Daniel"]
[Result "1-0"]
[WhiteElo "2576"]
[BlackElo "2336"]
[PlyCount "53"]
[EventDate "2024.07.02"]
[EventType "swiss (blitz)"]
[EventRounds "11"]
[EventCountry "USA"]
[SourceTitle "EXT 2025"]
[Source "ChessBase"]
[SourceDate "2024.10.14"]
[SourceVersion "1"]
[SourceVersionDate "2024.10.14"]
[SourceQuality "1"]

1. e4 c5 2. Nf3 d6 3. Nc3 Nf6 4. e5 dxe5 5. Nxe5 a6 6. a4 Nbd7 7. Nc4 Nb6 8. a5 Nxc4 9. Bxc4 Bg4 10. f3 Bf5 11. d3 e6 12. 0-0 Be7 13. Qe2 0-0 14. Ne4 Bg6 15. Re1 Rc8 16. Bd2 Nd5 17. Kh1 Qd7 18. f4 Rfe8 19. Qf3 Qc6 20. Re2 Bf8 21. Rae1 Red8 22. Ng5 Re8 23. f5 Bxf5 24. Nxf7 Kxf7 25. g4 g6 26. gxf5 gxf5 27. Rxe6 1-0

[Event "Titled Tuesday intern op 02nd Jul Early"]
[Site "Chess.com INT"]
[Date "2024.07.02"]
[Round "9"]
[White "Valdes Escobar, Alvaro Daniel"]
[Black "Wu, Derek"]
[Result "0-1"]
[WhiteElo "2336"]
[BlackElo "2278"]
[PlyCount "48"]
[EventDate "2024.07.02"]
[EventType "swiss (blitz)"]
[EventRounds "11"]
[EventCountry "USA"]
[SourceTitle "EXT 2025"]
[Source "ChessBase"]
[SourceDate "2024.10.14"]
[SourceVersion "1"]
[SourceVersionDate "2024.10.14"]
[SourceQuality "1"]

1. e4 e6 2. d4 d5 3. exd5 exd5 4. Nf3 Nf6 5. Qe2+ Be7 6. Be3 0-0 7. Nc3 Bf5 8. 0-0-0 c6 9. Ne5 Nbd7 10. f3 Bb4 11. Bd2 Re8 12. g4 Bg6 13. h4 c5 14. Qb5 a6 15. Qxb7 Rb8 16. Qxa6 cxd4 17. Nxd7 dxc3 18. Nxf6+ gxf6 19. Bxc3 Bxc3 20. bxc3 Qe7 21. Bb5 Qe3+ 22. Rd2 Qxc3 23. Rdh2 Re1+ 24. Rxe1 Qxe1+ 0-1